Päťčlánkové heterocyklické zlúčeniny s obsahom S- a N-heteroatómov s cielenými optoelektronickými vlastnosťami: Syntéza a pravidlá dizajnu
Saved in:
| Main Author: | |
|---|---|
| Other Authors: | |
| Format: | Manuscript Book |
| Language: | Slovak |
| Published: |
2025
|
| Subjects: | |
| Online Access: | http://is.stuba.sk/zp/portal_zp.pl?podrobnosti_zp=105246 |
| Tags: |
No Tags, Be the first to tag this record!
|
MARC
| LEADER | 00000ntm a22000003a 4500 | ||
|---|---|---|---|
| 001 | stuzp105246 | ||
| 003 | SK-STU | ||
| 005 | 20250621210457.0 | ||
| 007 | ta | ||
| 008 | 150427s2015----xo-----f-mn---000-0-slo-d | ||
| 040 | |a STU |b slo | ||
| 041 | 0 | |a slo | |
| 100 | 1 | |a Tokárová, Zita |u 040906 |4 aut |U FCHPT Dekanát |T FCHPT Projektové stredisko |X 42563 |U 040906 |Y 693 |7 42563 | |
| 242 | 0 | 1 | |a Five-membered heterocyclic compounds with the content of S- and N- heteroatoms with enhanced optoelectronical properties: Desgin and synthesis |y eng |
| 245 | 1 | 0 | |a Päťčlánkové heterocyklické zlúčeniny s obsahom S- a N-heteroatómov s cielenými optoelektronickými vlastnosťami: Syntéza a pravidlá dizajnu |
| 260 | |c 2025 | ||
| 650 | 4 | |a tiofén-substituované deriváty |2 slo | |
| 650 | 4 | |a tiazolo[5,4-d]tiazoly |2 slo | |
| 650 | 4 | |a π-konjugácia |2 slo | |
| 650 | 4 | |a vzťah štruktúra-optoelektronické vlastnosti |2 slo | |
| 650 | 4 | |a organická svetlo-emitujúca dióda |2 slo | |
| 650 | 4 | |a fotodynamická terapia |2 slo | |
| 650 | 4 | |a nízkomolekulová jadrová magnetická rezonancia |2 slo | |
| 650 | 4 | |a tiofén-substituted compounds |2 eng | |
| 650 | 4 | |a thiazolo[5,4-d]thiazoles |2 eng | |
| 650 | 4 | |a π-conjugation |2 eng | |
| 650 | 4 | |a structure-optoelectronical properties relationship |2 eng | |
| 650 | 4 | |a photodynamic therapy |2 eng | |
| 650 | 4 | |a low-field magnetic resonance spectroscopy |2 eng | |
| 650 | 4 | |a organic light-emitting diode |2 eng | |
| 700 | 1 | |a , |4 ths |X null |7 null | |
| 856 | 4 | |u http://is.stuba.sk/zp/portal_zp.pl?podrobnosti_zp=105246 | |